Oligarquización y extractivismo: cerrojos a la democratización de la política ambiental en Chile /
保存先:
| 第一著者: | |
|---|---|
| その他の著者: | |
| フォーマット: | 図書 |
| 言語: | Spanish |
| タグ: |
タグ追加
タグなし, このレコードへの初めてのタグを付けませんか!
|
MARC
| LEADER | 00000nam a22000007a 4500 | ||
|---|---|---|---|
| 003 | cru CIDCACS/IIS | ||
| 005 | 20171122101822.0 | ||
| 007 | ta | ||
| 008 | 171116s2017 mx |||p|r|||| 00| 0 spa d | ||
| 999 | |c 40633 |d 40633 | ||
| 040 | |c cru CIDCACS/IIS | ||
| 100 | 1 | |9 6070 |a Pelfini, Alejandro | |
| 245 | 1 | |a Oligarquización y extractivismo: |b cerrojos a la democratización de la política ambiental en Chile / |c Alejandro Pelfini, Rodrigo Mena | |
| 300 | |a páginas 251-276 | ||
| 700 | 1 | |9 6071 |a Mena, Rodrigo | |
| 773 | 0 | |0 19269 |9 1587 |a FLACSO, México |d México: FLACSO |o 18360 |t Perfiles Latinoamericanos / |x 01887653 | |
| 942 | |2 ddc |c PP | ||
